Lessons from systemic bank restructuring <a> survey of 24 countries

Salvato in:
Dettagli Bibliografici
Autore principale: Dziobek, Claudia
Altri autori: Pazarbasioglu, Ceyla
Natura: Libro
Lingua:inglese
Pubblicazione: Washington International Monetary Fund 1997
Serie:IMF Working Paper WP/97/161
Soggetti:
Tags: Aggiungi Tag
Nessun Tag, puoi essere il primo ad aggiungerne!!

MARC

LEADER 00000nam a2200000 4500
001 c100619
005 20221124074744.6
041 0 |a eng 
044 |a US 
245 1 0 |a Lessons from systemic bank restructuring  |b <a> survey of 24 countries  |c Claudia Dziobek and Ceyla Pazarbasioglu 
264 1 |a Washington  |b International Monetary Fund  |c 1997 
300 |a 29 s. 
490 1 |a IMF Working Paper  |v WP/97/161 
830 0 |a IMF Working Paper  |v WP/97/161 
610 2 0 |a bankovníctvo 
610 2 0 |a zmeny štruktúrne 
610 2 0 |a reštrukturalizácia 
610 2 0 |a banky centrálne 
610 2 0 |a porovnanie medzinárodné 
610 2 0 |a nástroje bankové 
100 1 |a Dziobek, Claudia 
700 1 |a Pazarbasioglu, Ceyla